J2EE Made Easy (Record no. 214296)

MARC details
000 -LEADER
fixed length control field 00438nam a2200169Ia 4500
008 - FIXED-LENGTH DATA ELEMENTS--GENERAL INFORMATION
fixed length control field 230714s9999 xx 000 0 und d
020 ## - INTERNATIONAL STANDARD BOOK NUMBER
International Standard Book Number 9790000000000
041 ## - LANGUAGE CODE
Language code of text/sound track or separate title eng
082 ## - DEWEY DECIMAL CLASSIFICATION NUMBER
Classification number 005.1'17
Item number DAS
100 ## - MAIN ENTRY--PERSONAL NAME
Personal name Das R.K.
9 (RLIN) 114146
245 ## - TITLE STATEMENT
Title J2EE Made Easy
260 ## - PUBLICATION, DISTRIBUTION, ETC. (IMPRINT)
Date of publication, distribution, etc. 2014
Name of publisher, distributor, etc. Vikas Publishing
300 ## - PHYSICAL DESCRIPTION
Extent 425
365 ## - TRADE PRICE
Currency code Rs.
Price amount 295.00
700 ## - ADDED ENTRY--PERSONAL NAME
Personal name Das R.K.
9 (RLIN) 114146
906 ## - LOCAL DATA ELEMENT F, LDF (RLIN)
d O:0429606-Nov-2014B:378403-Sep-2014
c COMP
b 295

No items available.